Zaostávame za trhmi Poľska, Maďarska a Česka Príloha
Likvidita na slovenskom kapitálovom trhu. Likvidita cenných papierov. Posudzovanie likvidity na základe veľkosti rozpätia. Možnosti zlepšenia situácie na slovenskom kapitálovom trhu. Kategorizácia emisií, ochrana investorov a ich priama motivácia. Príčiny nízkej likvidity a faktory, ktoré ju ovplyvň...
Enregistré dans:
| Auteur principal: | |
|---|---|
| Format: | Chapitre de livre |
| Langue: | slovaque |
| Sujets: | |
| Tags: |
Pas de tags, Soyez le premier à ajouter un tag!
|
MARC
| LEADER | 00000naa a2200000 4500 | ||
|---|---|---|---|
| 001 | r021484 | ||
| 005 | 20251104123844.1 | ||
| 041 | 0 | |a slo | |
| 044 | |a SK | ||
| 245 | 1 | 0 | |a Zaostávame za trhmi Poľska, Maďarska a Česka |b Príloha |c Martin Horváth |
| 520 | |a Likvidita na slovenskom kapitálovom trhu. Likvidita cenných papierov. Posudzovanie likvidity na základe veľkosti rozpätia. Možnosti zlepšenia situácie na slovenskom kapitálovom trhu. Kategorizácia emisií, ochrana investorov a ich priama motivácia. Príčiny nízkej likvidity a faktory, ktoré ju ovplyvňujú. | ||
| 610 | 2 | 0 | |a trh kapitálový |
| 610 | 2 | 0 | |a Slovensko |
| 610 | 2 | 0 | |a papiere cenné |
| 610 | 2 | 0 | |a likvidita |
| 610 | 2 | 0 | |a ochrana investícií |
| 610 | 2 | 0 | |a investície kapitálové |
| 610 | 2 | 0 | |a investori |
| 610 | 2 | 0 | |a burzovníctvo |
| 610 | 2 | 0 | |a obchody burzové |
| 100 | 1 | |a Horváth, Martin | |